COLPO DI GRAZIA (Record n. 106154)

Dettagli MARC
000 -LEADER
fixed length control field 02040agaaa2200337 4500
001 - CONTROL NUMBER
control field 6219
003 - CONTROL NUMBER IDENTIFIER
control field IT-RoPAU
005 - DATE AND TIME OF LATEST TRANSACTION
control field 20220918181241.0
007 - PHYSICAL DESCRIPTION FIXED FIELD--GENERAL INFORMATION
fixed length control field d cvaizq
008 - FIXED-LENGTH DATA ELEMENTS--GENERAL INFORMATION
fixed length control field 50131s9999||||xx ||| | || ||und||
040 ## - CATALOGING SOURCE
Original cataloging agency IT-RoPAU
Transcribing agency IT-RoPAU
041 ## - LANGUAGE CODE
Language code of text/sound track or separate title ITALIANO
100 ## - MAIN ENTRY--PERSONAL NAME
Personal name Schlondorff Volker
Miscellaneous information Codice regista SPICS: 11222
9 (RLIN) 45387
130 ## - MAIN ENTRY--UNIFORM TITLE
Uniform title COLPO DI GRAZIA
9 (RLIN) 45388
240 ## - UNIFORM TITLE
Uniform title COUP DE GRACE / DER FRANGSCHUSS
Miscellaneous information T1844
245 ## - TITLE STATEMENT
Title COLPO DI GRAZIA
Statement of responsibility, etc. Prodotto da: Dauman Anatole -- Sceneggiatura: Schlondorff Volker -- Diretto da: Schlondorff Volker
Name of part/section of a work COLPO DI GRAZIA (Rif. Codice opera principale : 26219)
246 ## - VARYING FORM OF TITLE
Title proper/short title COUP DE GRACE / DER FRANGSCHUSS
250 ## - EDITION STATEMENT
Edition statement Edizione Standard
260 ## - PUBLICATION, DISTRIBUTION, ETC. (IMPRINT)
Place of publication, distribution, etc. PARIGI - MONACO (FRANCIA - GERMANI)
Name of publisher, distributor, etc. ARGOS FILMS - BIOSKOP FILM / Distribuzione: RAI
Date of manufacture "1976 (1° ed.: 1985 ; Ed. Lingua Orig.: 1976)"
300 ## - PHYSICAL DESCRIPTION
Extent VHS
Other physical details sonoro, col.
508 ## - CREATION/PRODUCTION CREDITS NOTE
Creation/production credits note "Fotografia: Luther I. Arnold P.; Montaggio: Sperr J. Dorn Anette; Musica: Myers Stanley; Sceneggiatura: Schlondorff Volker; Scenografia: Kiebach Jurgen; "
511 ## - PARTICIPANT OR PERFORMER NOTE
Participant or performer note "Von; Trotta Margarethe; Habich Matthias; Kirschstein Rudiger; Eyaud Marc; Thost Brun"
520 ## - SUMMARY, ETC.
Summary, etc. STATI BALTICI SORGEVANO SUL MARE OMONIMO TRA LA RUSSIA ZARISTA E LA POLONIA LA RIVOLUZIONE RUSSA E LA DISFATTA DELL'IMPERO GERMANICO GETTARONO NELLO SCOMPIGLIO LA REGIONE DELLA CURLANDIA GLI JUNKER TEDESCHI O PROPRIETARI TERRIERI I NAZIONALISTI LETTONI ESTONI E LITUANI DISPARATISSIMI COMPONENTI DELL'ARMATA BIANCA NONOSTANTE FOSSERO DA SEMPRE ACERRIMI AVVERSARI SI UNIRONO IN BANDE ORGANIZZATE PER COMBATTERE CONTRO I BOLSCEVICHI E L'ARMATE ROSSA FILM DRAMMATICO DI GUERRA
538 ## - SYSTEM DETAILS NOTE
System details note PAL, STEREO
546 ## - LANGUAGE NOTE
Language note ITALIANO
650 ## - SUBJECT ADDED ENTRY--TOPICAL TERM
Topical term or geographic name as entry element FILM DI GUERRA
Relator term FILMS [VHS]
General subdivision Codice MATERIA SPICS: 9960
9 (RLIN) 45389
700 ## - ADDED ENTRY--PERSONAL NAME
Personal name Myers Stanley
Relator term (musica)
Miscellaneous information Codice Musica SPICS: 22984
9 (RLIN) 45390
700 ## - ADDED ENTRY--PERSONAL NAME
Personal name Schlondorff Volker
Relator term (regista)
Miscellaneous information Codice regista SPICS: 11222
9 (RLIN) 45391
700 ## - ADDED ENTRY--PERSONAL NAME
Personal name Schlondorff Volker
Relator term (soggetto)
Miscellaneous information Codice Soggetto SPICS: 11222
9 (RLIN) 45392
942 ## - ADDED ENTRY ELEMENTS (KOHA)
Koha item type VHS - VIDEO
Source of classification or shelving scheme Dewey Decimal Classification
Dati di copia
Withdrawn status Lost status Damaged status Not for loan Home library Current library Date acquired Total Checkouts Full call number Date last seen Price effective from Koha item type Public note
    Buone Condizioni Not For Loan SPICS-MEDIATECA SPICS-MEDIATECA 31/01/2015   26219 31/01/2015 31/01/2015 VHS - VIDEO Progr. Ins.: 1635 / N.Vol.:1 / Copie: 1 / Pag.: / Copia rara: NO / date import: 1.2.2015 / By Epidotti, Trombetti, Vaglietti
CREDITS: SOCIETA' SAN PAOLO Via A.Severo, 58 - ROMA (RM) & PERIODICI SAN PAOLO SRL Via Giotto, 36 MILANO & CISF Via Giotto, 36 MILANO & EDIZIONI SAN PAOLO SRL,  Piazza Soncino, 5 CINISELLO BALSAMO (MI) -- ITALY